000 00842cam a2200253 i 4500
999 _c29795
_d29795
001 1734314
003 ARRUPE
005 20190729152113.0
008 741120s1975 nju b 001 0 eng
010 _a 74030049
020 _a0137730853
040 _aDLC
_cDLC
_dDLC
050 0 0 _aBL60
_b.J63
082 0 0 _a301.5/8
100 1 _aJohnstone, Ronald L.
_947653
245 1 0 _aReligion and society in interaction :
_bthe sociology of religion /
_cRonald L. Johnstone.
260 _aEnglewood Cliffs, N.J. :
_bPrentice-Hall,
_c[1975]
300 _ax, 345 p. ;
_c24 cm.
490 0 _aPrentice-Hall sociology series
504 _aIncludes bibliographical references and index.
650 0 _aReligion and sociology.
_947654
651 0 _aUnited States
_xReligion.
_92794
906 _a7
_bcbc
_corignew
_d1
_eocip
_f19
_gy-gencatlg
942 _2lcc
_cMONOGRAPH